000 00380nam a2200145Ia 4500
008 260330s9999 xx 000 0 und d
020 _a9.7893636343e+012
082 _a336.73
_bPOT/M
100 _aPotter, Gary
245 0 _aMusgrave's Public Finance: Theory and Practice
250 _a7th
260 _aNew Delhi
_bMedtech Science Press
_c2026
300 _a615p.
942 _cBK
999 _c53743
_d53743